Schnelle Mathematik - Zahlen im Hexadezimalsystem Level 11 - Statistiken

Allgemein
  • Dieses Quiz wurde 39 mal gespielt
  • Das Durchschnittsergebnis liegt bei 15 aus 40
Antwortstatistiken
Nummer % Korrekt
23
83%
24
83%
25
83%
26
83%
27
83%
28
83%
21
67%
22
67%
20
50%
1
33%
1F
33%
2
33%
3
33%
4
33%
5
33%
6
33%
7
33%
8
33%
9
33%
A
33%
B
33%
C
33%
D
33%
E
33%
F
33%
10
17%
11
17%
12
17%
13
17%
14
17%
15
17%
16
17%
17
17%
18
17%
19
17%
1A
17%
1B
17%
1C
17%
1D
17%
1E
17%
Keine übereinstimmenden Quizze gefunden
Verteilung der Resultate
Anzahl Personen mit jedem Resultat
Perzentil nach korrekt beantworteten Fragen
Ihre Resultats-Entwicklung
Sie haben dieses Quiz noch nicht gespielt